|
|
|
|
| LEADER |
00960nam a2200265 4500 |
| 001 |
38824 |
| 003 |
BD-DhAAL |
| 008 |
220803t1972 nyua b 001 0 eng d |
| 999 |
|
|
|c 44727
|d 44727
|
| 010 |
|
|
|a 78168365
|
| 020 |
|
|
|a 0060409355
|
| 040 |
|
|
|a DLC
|c DLC
|d DLC
|d BD-DhAAL
|
| 050 |
0 |
0 |
|a HB171.5
|b .B69492
|
| 082 |
0 |
0 |
|a 339
|
| 100 |
1 |
|
|a Branson, William H.
|9 50547
|
| 245 |
1 |
0 |
|a Macroeconomic theory and policy /
|c William H. Branson.
|
| 260 |
|
|
|a New York :
|b Harper & Row,
|c c1972.
|
| 300 |
|
|
|a xiv, 460 pages :
|b illustrations ;
|c 25 cm.
|
| 504 |
|
|
|a Includes bibliographical references.
|
| 541 |
|
|
|a Donated By Akbar Ali Khan
|e 38824
|
| 650 |
|
0 |
|a Macroeconomics.
|9 50548
|
| 650 |
|
0 |
|a Economics.
|9 50549
|
| 852 |
|
|
|a Ayesha Abed Library
|c Akbar Ali Khan Collection
|
| 942 |
|
|
|2 ddc
|c BK
|
| 952 |
|
|
|0 0
|1 0
|2 ddc
|4 0
|6 339_000000000000000_BRA
|7 1
|9 71451
|a BRACUL
|b BRACUL
|c AAKC
|d 2022-08-03
|e Donated by Akbar Ali Khan
|l 0
|o 339 BRA
|p 3010038824
|r 2022-08-03
|t 1
|w 2022-08-03
|y BK
|